000 01087nam a22003377a 4500
003 CHAP
005 20220329143705.0
008 110201s2009 mx a r 00010 spa d
010 _a100392
011 _a101364
035 _a112052
040 _cCHAP
082 0 4 _a333.72097246
_bH53
110 2 _aHidalgo. Gobierno del Estado
_955216
245 1 0 _aNaturalmente Hidalgo
_c/por Gobierno del Estado de Hidalgo
260 _aPachuca, Hgo. :
_bGobierno del Estado de Hidalgo,
_c2009
300 _a207 p. :
_bilus.
590 _aBATCH-UPD
_b10
_c20130110
_lUCH01
_h0936
590 _aBATCH-UPD
_b10
_c20130410
_lUCH01
_h0554
590 _aBATCH-UPD
_b10
_c20130914
_lUCH01
_h0636
590 _aCONVERSION
_b10
_c20130109
_lUCH01
_h1355
650 1 4 _aÁreas protegidas
_zHidalgo.
_96880
650 1 4 _aBiósfera.
_912844
650 1 4 _aBosques
_zHidalgo.
_914415
650 1 4 _aEcología.
_935134
650 1 4 _aRecursos naturales
_zHidalgo.
_995328
901 _aBK
911 _aen proceso
942 _cLIBRO
949 _a333.72097246 H53
_bBC
_cLIBRO
_d33724002233082
_eLIBRO
_h114139
_i112052
_sb
999 _c100392
_d100392